[Event "Lanaudiere U1400"]
[Site "Repentigny"]
[Date "2008.08.17"]
[Round "4"]
[White "Soskic, Milan"]
[Black "Wang, Kelly"]
[Result "1-0"]
[WhiteElo "1270"]
[BlackElo "1216"]
[PlyCount "187"]
[EventDate "2008.08.15"]
[EventType "swiss"]
[EventRounds "5"]
[EventCountry "CAN"]
[SourceTitle "EXT 2011"]
[Source "ChessBase"]
[SourceDate "2010.11.26"]
[SourceVersion "1"]
[SourceVersionDate "2010.11.26"]
[SourceQuality "1"]

1. d4 Nf6 2. Nf3 d5 3. e3 Nbd7 4. Bd3 g6 5. b3 Bg7 6. Bb2 0-0 7. 0-0 c6 8. Qe2 Qc7 9. Nbd2 Re8 10. Ne5 Nxe5 11. dxe5 Nd7 12. f4 Nc5 13. c4 Nxd3 14. Qxd3 Bf5 15. Qe2 dxc4 16. Nxc4 Rad8 17. e4 Be6 18. Rad1 Bxc4 19. Qxc4 Rxd1 20. Rxd1 Rd8 21. Rxd8+ Qxd8 22. Qd4 Qxd4+ 23. Bxd4 b6 24. Kf2 Kf8 25. g4 Ke8 26. Ke3 e6 27. Kd3 Ke7 28. g5 Kd7 29. Kc4 c5 30. Be3 Kc6 31. Kc3 h6 32. h4 h5 33. Kc4 b5+ 34. Kc3 a5 35. Kd3 a4 36. bxa4 bxa4 37. Kc4 Bf8 38. Bd2 Kb6 39. Be3 Be7 40. Bf2 Kc6 41. Be1 Bd8 42. Bc3 Bb6 43. Bd2 Bd8 44. Be3 Be7 45. Bd2 Kb6 46. Be3 Bf8 47. Bf2 Be7 48. Be1 Bd8 49. f5 exf5 50. exf5 Be7 51. f6 Bf8 52. Bf2 Kc6 53. Be3 Kb6 54. Bd2 Ka6 55. Be3 Kb6 56. Bd2 Ka6 57. Kd5 Kb5 58. e6 fxe6+ 59. Kxe6 c4 60. Kf7 Ba3 61. Kxg6 Kc5 62. Bc3 Kd5 63. Kxh5 Ke4 64. Kg6 Kd3 65. Ba5 c3 66. Bxc3 Kxc3 67. Kf7 Kb2 68. g6 Kxa2 69. g7 Kb2 70. g8Q Bb4 71. Qg2+ Kb3 72. Qd5+ Kc3 73. Qf3+ Kb2 74. h5 a3 75. h6 a2 76. Qe2+ Kb3 77. Qxa2+ Kxa2 78. h7 Kb3 79. h8Q Bc3 80. Qh4 Ka3 81. Ke6 Kb3 82. f7 Bb4 83. Qd8 Kc4 84. Qd5+ Kc3 85. Ke5 Kb2 86. Qc6 Kb3 87. Kd5 Bc3 88. f8Q Kb2 89. Qf2+ Kb3 90. Qb5+ Bb4 91. Qe3+ Kc2 92. Qbd3+ Kb2 93. Qb3+ Ka1 94. Qc1# 1-0

[Event "Sherbrooke op C"]
[Site "Sherbrooke"]
[Date "2007.05.25"]
[Round "1"]
[White "Soskic, Milan"]
[Black "Saint Vincent, Gagne Felix"]
[Result "1-0"]
[WhiteElo "1398"]
[BlackElo "1222"]
[PlyCount "89"]
[EventDate "2007.05.25"]
[EventType "swiss"]
[EventRounds "5"]
[EventCountry "CAN"]
[SourceTitle "EXT 2022"]
[Source "ChessBase"]
[SourceDate "2021.10.06"]
[SourceVersion "1"]
[SourceVersionDate "2021.10.06"]
[SourceQuality "1"]

1. d4 d5 2. Nf3 Nc6 3. e3 Nf6 4. Bd3 e6 5. a3 Bd6 6. b3 e5 7. dxe5 Nxe5 8. Bb2 Bg4 9. Be2 Bxf3 10. Bxf3 c6 11. Be2 0-0 12. 0-0 Re8 13. Nd2 a6 14. f4 Ned7 15. Rf3 Bc5 16. Nf1 Bb6 17. Rh3 Nc5 18. b4 Nce4 19. g4 Qd6 20. c4 dxc4 21. Qxd6 Nxd6 22. g5 Nfe4 23. Bg4 g6 24. Be5 Rad8 25. Rc1 c5 26. Bf3 cxb4 27. axb4 Rc8 28. Rd1 Red8 29. Bf6 Rd7 30. Bxe4 c3 31. Bc2 Rc4 32. Rd3 Rxb4 33. Rxc3 a5 34. Nd2 Rc7 35. Rxc7 Bxc7 36. Kf2 Nc4 37. Nxc4 Rxc4 38. Bd3 Rb4 39. Rg3 a4 40. Rg1 a3 41. Rc1 Bd6 42. Rc8+ Bf8 43. Be7 Ra4 44. Rxf8+ Kg7 45. Rb8 1-0

[Event "Sherbrooke Perpetuelles 01-05"]
[Site "Sherbrooke"]
[Date "2003.07.04"]
[Round "4"]
[White "Soskic, Milan"]
[Black "Jolin, Fernand"]
[Result "0-1"]
[WhiteElo "1214"]
[BlackElo "1412"]
[PlyCount "77"]
[EventDate "2003.06.??"]
[EventType "swiss"]
[EventRounds "5"]
[EventCountry "CAN"]
[SourceTitle "EXT 2006"]
[Source "ChessBase"]
[SourceDate "2005.11.24"]
[SourceVersion "1"]
[SourceVersionDate "2005.11.24"]
[SourceQuality "1"]

1. d4 d5 2. c4 dxc4 3. Nc3 Nf6 4. Bg5 Nbd7 5. e3 h6 6. Bh4 e6 7. Bxc4 Bb4 8. Qc2 0-0 9. Nf3 Bxc3+ 10. bxc3 Nb6 11. Bb3 c6 12. 0-0 Bd7 13. e4 g5 14. Bg3 Nh5 15. Bd6 Re8 16. e5 Nf4 17. Qe4 Nc8 18. Bc2 Ng6 19. Bb4 Nce7 20. h4 a5 21. Ba3 Nf5 22. h5 Nf8 23. Bxf8 Kxf8 24. g4 Nh4 25. Nd2 f5 26. Qd3 Qe7 27. f3 c5 28. a4 Bc6 29. Nc4 Kg8 30. Nd6 Rf8 31. Bb3 cxd4 32. cxd4 fxg4 33. Ne4 Bxe4 34. Qxe4 Rf4 35. Qe3 Rd8 36. Kh2 Rdxd4 37. Rad1 Rxd1 38. Rxd1 gxf3 39. Rg1 0-1